Методологический анализ закономерностей развития математики: сборник

التفاصيل البيبلوغرافية
مؤلف مشترك: Московский государственный университет им. М. В. Ломоносова (МГУ)
مؤلفون آخرون: Барабашев А. Г.
اللغة:الروسية
منشور في: Москва, Изд-во Московского ун-та, 1989
الموضوعات:
التنسيق: كتاب
KOHA link:https://koha.lib.tpu.ru/cgi-bin/koha/opac-detail.pl?biblionumber=253452

MARC

LEADER 00000nam0a2200000 4500
001 253452
005 20231101232838.0
035 |a (RuTPU)RU\TPU\book\275840 
090 |a 253452 
100 |a 20140313d1989 k y0rusy50 ca 
101 0 |a rus 
102 |a RU 
105 |a a z 001zy 
200 1 |a Методологический анализ закономерностей развития математики  |e сборник  |f Московский государственный университет им. М. В. Ломоносова (МГУ) ; отв. за вып. А. Г. Барабашев 
210 |a Москва  |c Изд-во Московского ун-та  |d 1989 
215 |a 220 с.  |c ил. 
320 |a Библиогр. в конце ст. 
606 1 |a Математика  |x Методология  |2 stltpush  |3 (RuTPU)RU\TPU\subj\65757  |9 82158 
610 1 |a методологический анализ 
610 1 |a развитие 
610 1 |a закономерности 
610 1 |a история 
610 1 |a современность 
610 1 |a возникновение 
675 |a 51:1  |v 3 
702 1 |a Барабашев  |b А. Г.  |4 540 
712 0 2 |a Московский государственный университет им. М. В. Ломоносова (МГУ)  |c (Москва)  |2 stltpush  |3 (RuTPU)RU\TPU\col\205 
801 1 |a RU  |b 63413507  |c 20140313 
801 2 |a RU  |b 63413507  |c 20140530  |g RCR 
942 |c BK